Neal.fun Games - Statistics

General Stats
  • This quiz has been taken 54 times
  • The average score is 13 of 32
Answer Stats
Game % Correct
Infinite Craft
83%
Spend Bill Gates' Money
68%
Rocks
63%
The Password Game
63%
Draw A Perfect Circle
55%
Internet Artifacts
50%
Space Elevator
50%
Baby Map
48%
Paper
48%
Absurd Trolley Problems
43%
Draw Logos From Memory
43%
Speed
43%
Asteroid Launcher
40%
Progress
40%
The Auction Game
40%
The Deep Sea
40%
Design The Next iPhone
38%
Sell Sell Sell!
38%
Life Checklist
35%
Share This Page
35%
The Size Of Space
35%
Ambient Chaos
33%
Dark Patterns
33%
Earth Reviews
33%
Where Does The Day Go?
33%
Let's Settle This
30%
Life Stats
30%
Who Was Alive?
28%
Wonders Of Street View
28%
Days Since Incident
25%
Printing Money
25%
Universe Forecast
25%
No matching quizzes found
Score Distribution
Percent of People with Each Score
Percentile by Number Answered
Your Score History
You have not taken this quiz